[Event "Vina del Mar Cepa U2000 4th"]
[Site "Vina del Mar"]
[Date "2017.07.22"]
[Round "3.4"]
[White "Gutierrez Caceres, Isaias"]
[Black "Aguilar Salas, Eduardo"]
[Result "0-1"]
[WhiteElo "1000"]
[BlackElo "1584"]
[PlyCount "96"]
[EventDate "2017.07.21"]
[EventType "swiss"]
[EventRounds "5"]
[EventCountry "CHI"]
[SourceTitle "EXT 2024"]
[Source "ChessBase"]
[SourceDate "2023.10.10"]
[SourceVersion "1"]
[SourceVersionDate "2023.10.10"]
[SourceQuality "1"]

1. e4 a6 2. Nf3 b5 3. Nc3 Bb7 4. d4 d6 5. e5 dxe5 6. dxe5 Qxd1+ 7. Kxd1 e6 8. Be3 Ne7 9. Bd3 Nd7 10. Ke1 h6 11. a4 b4 12. Ne4 Nd5 13. c3 Nxe3 14. fxe3 Nc5 15. Nxc5 Bxc5 16. cxb4 Bxb4+ 17. Nd2 Rd8 18. Ke2 Bxd2 19. Kxd2 Be4 20. Ra3 Ke7 21. Rc1 Rd7 22. Rac3 Rhd8 23. Rxc7 Bxd3 24. Rxd7+ Rxd7 25. Rc3 Bb5+ 26. Kc2 Bxa4+ 27. b3 Bb5 28. b4 Kd8 29. Kb3 Rd3 30. Rxd3+ Bxd3 31. Kc3 Bf1 32. Kd4 Bxg2 33. Kd3 Kc7 34. Ke2 Kb6 35. Kf2 Be4 36. Ke2 Kb5 37. Kd2 Kxb4 38. Kc1 Kc3 39. h4 a5 40. h5 a4 41. Kd1 a3 42. Ke1 a2 43. Kd1 Bd3 44. Ke1 a1Q+ 45. Kf2 Qf1+ 46. Kg3 Be2 47. Kh4 Qf3 48. e4 Qg4# 0-1